Normal view
MARC view
- Bowie, Duncan.
Entry Personal Name
001 - CONTROL NUMBER
- control field: 23633
003 - CONTROL NUMBER IDENTIFIER
- control field: NUST
005 - DATE AND TIME OF LATEST TRANSACTION
- control field: 20191014113507.0
008 - FIXED-LENGTH DATA ELEMENTS
- fixed length control field: 191014|| aca||aabn | a|a d
040 ## - CATALOGING SOURCE
- Original cataloging agency: NUST
- Transcribing agency: NUST
100 ## - HEADING--PERSONAL NAME
- Personal name: Bowie, Duncan.
670 ## - SOURCE DATA FOUND
- Source citation: Work cat.: (NUST)0: Bowie, Duncan., Politics, planning and homes in a world city /, 2010.
